000 00607nam a2200229Ia 4500
003 OSt
005 20221007071128.0
006 a|||||r|||| 00| 0
007 ta
008 221006b |||||||| |||| 00| 0 eng d
024 _a13,056
037 _cTextual
040 _aFLL
_cFLL
_beng
041 _2eng
_aeng
082 _aV41:19:N5, K9
100 _aLee L.T. Au.
_9688186
245 0 _aChina and international agreements
260 _aLeyden
_bA.W. sijthoff Leyden
_c1969
300 _a231p
_ccm.
942 _hV41:19:N5, K9
_cTEXL
_2CC
999 _c1142518
_d1142518